|
|
|
|
| LEADER |
00000nam0a2200000 4500 |
| 001 |
98147 |
| 005 |
20231101214154.0 |
| 020 |
|
|
|a RU
|b 86-61541
|
| 035 |
|
|
|a (RuTPU)RU\TPU\book\105191
|
| 090 |
|
|
|a 98147
|
| 100 |
|
|
|a 20060614d1986 k y0rusy5003 ca
|
| 101 |
0 |
|
|a rus
|
| 102 |
|
|
|a RU
|
| 105 |
|
|
|a a z 001zy
|
| 200 |
1 |
|
|a Устойчивость в механике деформируемого твердого тела
|e тезисы докладов
|f Калининский политехнический институт ; под ред. В. Г. Зубчанинова
|
| 210 |
|
|
|a Калинин
|c Изд-во КПИ
|d 1986
|
| 215 |
|
|
|a 212,[1] с.
|c ил.
|
| 314 |
|
|
|a В надзаг.: АН СССР, М-во высш. и сред. спец. образования СССР, М-во высш. и сред. спец. образования РСФСР, Науч. совет АН СССР по пробл. прочности и пластичности, Калинин. политехн. ин-т
|
| 320 |
|
|
|a Библиогр. в конце докл.
|
| 320 |
|
|
|a Указ. авт.: с. 210-212.
|
| 606 |
1 |
|
|a Механика деформируемых тел
|x (сопротивление материалов)
|2 stltpush
|3 (RuTPU)RU\TPU\subj\43566
|9 63053
|
| 610 |
1 |
|
|a деформируемые тела
|
| 610 |
1 |
|
|a механика
|
| 610 |
1 |
|
|a устойчивость
|
| 610 |
1 |
|
|a доклады
|
| 675 |
|
|
|a 539.37(063)
|v 3
|
| 702 |
|
1 |
|a Зубчанинов
|b В. Г.
|g Владимир Георгиевич
|4 340
|
| 712 |
1 |
2 |
|a Устойчивость в механике деформируемого твердого тела
|b Всесоюзный симпозиум
|d 2
|e Калинин
|f 1986
|
| 712 |
0 |
2 |
|a Калининский политехнический институт
|2 stltpush
|3 (RuTPU)RU\TPU\col\7669
|
| 801 |
|
0 |
|a RU
|b RuMRKP
|c 19950704
|g psbo
|
| 801 |
|
1 |
|a RU
|b 63413507
|c 20060614
|g PSBO
|
| 801 |
|
2 |
|a RU
|b 63413507
|c 20190903
|g PSBO
|
| 942 |
|
|
|c BK
|